Extreme Flags #2 - Statistics

General Stats
  • This quiz has been taken 300 times
  • The average score is 10 of 20
Answer Stats
Picture Answer % Correct
Gibraltar
91%
Åland Islands
86%
Tibet
86%
Guernsey
78%
French Polynesia
77%
Bermuda
72%
Wallis and Futuna
62%
Crimea
56%
Saba
55%
Sami
49%
Galicia
45%
Jerusalem
45%
Xinjiang
38%
Occitania
33%
Karakalpakstan
32%
Crete
23%
Galápagos Islands
22%
Andaman and Nicobar Islands
21%
Bornholm
7%
Tromso
6%
No matching quizzes found
Score Distribution
Percent of People with Each Score
Percentile by Number Answered
Your Score History
You have not taken this quiz